Statistics for Santorini (Thira) Int. Airport Destinations (Santorini, Greece)

Click here to take the quiz!

General Stats

  • This quiz has been taken 35 times
  • The average score is 51 of 65

Answer Stats

AirlineDestination% Correct
Aer Lingus/RyanairDublin
100%
British Airways/easyJetLondon (Gatwick)
100%
British AirwaysLondon (Heathrow)
100%
easyJetLondon (Luton)
100%
Jet2.com/RyanairLondon (Stansted)
100%
Air FranceParis (Charles de Gaulle)
100%
TransaviaParis (Orly)
100%
TransaviaAmsterdam
96%
Aegean Airlines/Ryanair/Sky Express/VoloteaAthens
96%
Norwegian Air Shuttle/Scandinavian AirlinesCopenhagen
96%
easyJet/Jet2.com/TUI AirwaysManchester
96%
Norwegian Air Shuttle/Scandinavian AirlinesStockholm (Arlanda)
96%
Eurowings Discover/LufthansaFrankfurt
93%
FinnairHelsinki
93%
Air Europa/Iberia ExpressMadrid
93%
Eurowings Discover/LufthansaMunich
93%
Norwegian Air Shuttle/Scandinavian AirlinesOslo
93%
Edelwiess Air/Swiss International Air LinesZurich
93%
VuelingBarcelona
89%
Jet2.comLeeds/Bradford
89%
Ryanair/Vueling/Wizz AirRome (Fiumicino)
89%
Jet2.com/TUI AirwaysBirmingham
85%
Transavia/TUI fly BelgiumBrussels
85%
EurowingsDusseldorf
85%
easyJet/Neos/RyanairMilan (Malpensa)
85%
Air FranceNice
85%
airBalticRiga
85%
Olympic Air/VoloteaThessaloniki
85%
Austrian Airlines/RyanairVienna
85%
Wizz AirBudapest
81%
flyduabiDubai (International)
81%
easyJet/Swiss International Air LinesGeneva
81%
Scandinavian AirlinesGothenburg
81%
EurowingsHamburg
81%
LuxairLuxembourg
81%
Transavia/VoloteaLyon
81%
Air France/VoloteaMarseille
81%
Smartwings/Wizz AirWarsaw (Chopin)
81%
easyJet/Jet2.com/TUI AirwaysBristol
78%
Animawings/Wizz AirBucharest (Otopeni)
78%
easyJet/Jet2.comEdinburgh
78%
Cyprus AirwaysLarnaca
78%
EurowingsCologne/Bonn
74%
SmartwingsPrague
74%
EurowingsStuttgart
74%
Volotea/Wizz AirVenice
74%
easyJet/Ryanair/Volotea/Wizz AirNaples
70%
Jet2.comNewcastle upon Tyne
70%
Gulf AirBahrain
67%
Ryanair/VoloteaBari
67%
Transavia/VoloteaNantes
67%
VoloteaBordeaux
59%
Jet2.com/TUI AirwaysEast Midlands
59%
VoloteaPalermo
59%
Scandinavian AirlinesTrondheim
59%
Neos/VoloteaVerona
59%
VoloteaToulouse
56%
Wizz AirAbu Dhabi
52%
RyanairBergamo
52%
Bluebird Airways/Wizz AirTel Aviv
52%
Wizz AirCatania
48%
RyanairKrakow
48%
flynasRiyadh
48%
VoloteaBilbao
44%
RyanairGdansk
41%

Score Distribution

Percentile by Number Answered

Percent of People with Each Score

Your Score History

You have not taken this quiz